<?xml version="1.0" encoding="UTF-8"?>
<record
    xmlns:xsi="http://www.w3.org/2001/XMLSchema-instance"
    xsi:schemaLocation="http://www.loc.gov/MARC21/slim http://www.loc.gov/standards/marcxml/schema/MARC21slim.xsd"
    xmlns="http://www.loc.gov/MARC21/slim">

  <leader>00468nam a2200169Ia 4500</leader>
  <controlfield tag="008">110201s9999    xx            000 0 und d</controlfield>
  <datafield tag="082" ind1=" " ind2=" ">
    <subfield code="b">B8192</subfield>
    <subfield code="a">KS 1218</subfield>
  </datafield>
  <datafield tag="100" ind1=" " ind2=" ">
    <subfield code="a">&#x930;&#x947;&#x917;&#x947; &#x906;&#x928;&#x902;&#x926;</subfield>
  </datafield>
  <datafield tag="245" ind1=" " ind2=" ">
    <subfield code="a">&#x91D;&#x941;&#x92C;&#x947;&#x926;&#x93E;</subfield>
  </datafield>
  <datafield tag="260" ind1=" " ind2=" ">
    <subfield code="b">&#x935;&#x938;&#x902;&#x924; &#x92C;&#x941;&#x915; &#x938;&#x94D;&#x91F;&#x949;&#x932;</subfield>
  </datafield>
  <datafield tag="365" ind1=" " ind2=" ">
    <subfield code="b">150</subfield>
  </datafield>
  <datafield tag="600" ind1=" " ind2=" ">
    <subfield code="a">&#x930;&#x947;&#x917;&#x947; &#x906;&#x928;&#x902;&#x926;</subfield>
  </datafield>
  <datafield tag="630" ind1=" " ind2=" ">
    <subfield code="a">&#x91D;&#x941;&#x92C;&#x947;&#x926;&#x93E;</subfield>
  </datafield>
  <datafield tag="700" ind1=" " ind2=" ">
    <subfield code="a">&#x930;&#x947;&#x917;&#x947; &#x906;&#x928;&#x902;&#x926;</subfield>
  </datafield>
  <datafield tag="730" ind1=" " ind2=" ">
    <subfield code="a">&#x91D;&#x941;&#x92C;&#x947;&#x926;&#x93E;</subfield>
  </datafield>
  <datafield tag="942" ind1=" " ind2=" ">
    <subfield code="c">BOOK</subfield>
  </datafield>
  <datafield tag="999" ind1=" " ind2=" ">
    <subfield code="c">833682</subfield>
    <subfield code="d">833679</subfield>
  </datafield>
  <datafield tag="952" ind1=" " ind2=" ">
    <subfield code="0">0</subfield>
    <subfield code="1">0</subfield>
    <subfield code="4">0</subfield>
    <subfield code="7">0</subfield>
    <subfield code="a">PMKV</subfield>
    <subfield code="b">PMKV</subfield>
    <subfield code="d">2011-02-01</subfield>
    <subfield code="g">150.00</subfield>
    <subfield code="l">0</subfield>
    <subfield code="p">PMKV-B8192</subfield>
    <subfield code="r">2011-02-01 00:00:00</subfield>
    <subfield code="v">150.00</subfield>
    <subfield code="w">2011-02-01</subfield>
    <subfield code="y">BOOK</subfield>
  </datafield>
</record>
